000 00387nam a22001577a 4500
003 SGT
020 _a9788174734457
082 _a612.015
_bB24K
100 _aKUMAR, N.
245 _aBIOCHEMISTRY AND CLINICAL PATHOLOGY
260 _aDELHI
_bAITBS PUB.
_c2024
300 _a241
650 _aBIOCHEMISTRY AND PATHOLOGY
653 _aBIOCHEMISTRY , CLINICAL ,PATHOLOGY
942 _2ddc
_cBK
999 _c27098
_d27098